[Event "FRA-chT Top 16 GpB"]
[Site "France"]
[Date "2008.03.23"]
[Round "2"]
[White "Neiman, Emmanuel"]
[Black "Comte, Frederic"]
[Result "1/2-1/2"]
[WhiteElo "2371"]
[BlackElo "2190"]
[PlyCount "87"]
[EventDate "2008.03.22"]
[EventType "team"]
[EventRounds "7"]
[EventCountry "FRA"]
[SourceTitle "CBM 123 Extra"]
[Source "ChessBase"]
[SourceDate "2008.05.06"]
[SourceVersion "1"]
[SourceVersionDate "2008.05.06"]
[SourceQuality "1"]

1. d4 Nf6 2. c4 c5 3. d5 b5 4. Nf3 bxc4 5. Nc3 d6 6. e4 Nbd7 7. Bxc4 g6 8. 0-0 Bg7 9. a4 a5 10. Bg5 h6 11. Bf4 0-0 12. h3 Ba6 13. Bxa6 Rxa6 14. Qe2 Qa8 15. Nb5 Qb7 16. Rab1 Rc8 17. b3 Kh7 18. Nd2 Ne8 19. Nc4 Nc7 20. Nxc7 Rxc7 21. Bd2 Qa8 22. f4 e6 23. dxe6 fxe6 24. f5 exf5 25. exf5 d5 26. Bf4 Rcc6 27. Ne3 g5 28. Nxd5 gxf4 29. Nxf4 Ne5 30. Ne6 Rxe6 31. fxe6 Rxe6 32. Rf4 Ng6 33. Qxe6 Qxg2+ 34. Kxg2 Nxf4+ 35. Kf3 Nxe6 36. Ke4 Ng5+ 37. Kd5 Nxh3 38. Kxc5 Bc3 39. Kd5 Kg6 40. Rc1 Bb4 41. Rc4 Bd2 42. Rd4 Be1 43. Re4 Bd2 44. Rd4 1/2-1/2

[Event "Paris-ch int"]
[Site "Paris"]
[Date "2007.07.09"]
[Round "3"]
[White "Neiman, Emmanuel"]
[Black "Toulzac, Pierre Yves"]
[Result "1-0"]
[WhiteElo "2382"]
[BlackElo "2312"]
[PlyCount "81"]
[EventDate "2007.07.07"]
[EventType "swiss"]
[EventRounds "9"]
[EventCountry "FRA"]
[SourceTitle "CBM 119 Extra"]
[Source "ChessBase"]
[SourceDate "2007.09.04"]
[SourceVersion "1"]
[SourceVersionDate "2007.09.04"]
[SourceQuality "1"]

1. d4 Nf6 2. Nf3 d6 3. c4 g6 4. Nc3 Bg7 5. Bg5 0-0 6. e3 Nbd7 7. Be2 b6 8. 0-0 Bb7 9. a4 a5 10. Nd2 h6 11. Bh4 e5 12. f4 exd4 13. exd4 Qb8 14. Bf3 Nh7 15. Nb3 Re8 16. Qd3 Nhf8 17. Nd5 c5 18. Rae1 Rxe1 19. Rxe1 cxd4 20. Nxd4 Nc5 21. Qd2 Nce6 22. Nb5 Kh8 23. Be7 Qe8 24. Nxd6 Qd7 25. Nxf7+ Kg8 26. Nxh6+ Kh7 27. Nf7 Bxd5 28. Qxd5 Qxe7 29. Ng5+ Kh6 30. Qxa8 Qc5+ 31. Kh1 Nxf4 32. Nf7+ Kh7 33. Qe4 N4e6 34. Rd1 Bxb2 35. h4 Kg7 36. Nd6 Qf2 37. h5 g5 38. Nf5+ Kh8 39. Qe2 Nc5 40. Rd8 Kg8 41. Bd5+ 1-0